|
|
|
|
| LEADER |
02035nam a2200349 u 4500 |
| 001 |
10116772 |
| 003 |
upatras |
| 005 |
20210117205456.0 |
| 008 |
150703s2009 gr gre |
| 020 |
|
|
|a 9780073380162
|
| 040 |
|
|
|a GR-PaULI
|c GR-PaULI
|
| 041 |
0 |
|
|a gre
|
| 082 |
0 |
4 |
|a 620.001 5
|
| 100 |
1 |
|
|a Musto, Joseph E.
|4 aut
|9 144983
|
| 245 |
1 |
0 |
|a Engineering computations
|b an introduction using Matlab and Excel
|c Joseph C. Musto, Wiliam E. Howard, Richard R. Williams
|
| 260 |
|
|
|a Boston
|b Higher education
|c 2009
|
| 300 |
|
|
|a 330 σ.
|c 24 εκ.
|
| 504 |
|
|
|a Περιλαμβάνει ευρετήριο
|
| 650 |
|
4 |
|a Μαθηματικά
|x Μελέτη και διδασκαλία (Ανώτατη)
|9 1410
|
| 650 |
|
4 |
|a Μηχανολογία
|x Βάσεις δεδομένων
|9 36748
|
| 700 |
1 |
|
|a Howard, William E.
|4 aut
|9 144984
|
| 852 |
|
|
|a GR-PaULI
|b ΠΑΤΡΑ
|b ΒΚΠ
|b ΒΣ1
|k ΑΣΧΕ
|h 620.001 5 MUS
|m 130964
|p 025000252630
|t 1
|
| 852 |
|
|
|a GR-PaULI
|b ΠΑΤΡΑ
|b ΒΚΠ
|b ΒΣ1
|k ΑΣΧΕ
|h 620.001 5 MUS
|m 130965
|p 025000252629
|t 2
|
| 852 |
|
|
|a GR-PaULI
|b ΠΑΤΡΑ
|b ΒΚΠ
|b ΒΣ1
|k ΑΣΧΕ
|h 620.001 5 MUS
|m 130966
|p 025000252628
|t 3
|
| 852 |
|
|
|a GR-PaULI
|b ΠΑΤΡΑ
|b ΒΚΠ
|b ΒΣ1
|k ΑΣΧΕ
|h 620.001 5 MUS
|m 130963
|p 025000252627
|t 4
|
| 942 |
|
|
|2 ddc
|c BK15
|
| 952 |
|
|
|0 0
|1 0
|4 0
|6 620_001000000000000_5_MUS
|7 0
|9 181027
|a LISP
|b LISP
|c BSC
|d 2016-04-24
|i 130964
|l 1
|o 620.001 5 MUS
|p 025000252630
|r 2019-01-08 00:00:00
|s 2018-12-13
|t 1
|w 2016-04-24
|y BK15
|
| 952 |
|
|
|0 0
|1 0
|4 0
|6 620_001000000000000_5_MUS
|7 0
|9 181028
|a LISP
|b LISP
|c BSC
|d 2016-04-24
|i 130965
|l 0
|o 620.001 5 MUS
|p 025000252629
|r 2016-04-24 00:00:00
|t 2
|w 2016-04-24
|y BK15
|
| 952 |
|
|
|0 0
|1 0
|4 0
|6 620_001000000000000_5_MUS
|7 0
|9 181029
|a LISP
|b LISP
|c BSC
|d 2016-04-24
|i 130966
|l 0
|o 620.001 5 MUS
|p 025000252628
|r 2016-04-24 00:00:00
|t 3
|w 2016-04-24
|y BK15
|
| 952 |
|
|
|0 0
|1 0
|4 0
|6 620_001000000000000_5_MUS
|7 0
|9 181030
|a LISP
|b LISP
|c BSC
|d 2016-04-24
|i 130963
|l 1
|o 620.001 5 MUS
|p 025000252627
|r 2019-01-10 00:00:00
|s 2018-12-10
|t 4
|w 2016-04-24
|y BK15
|
| 998 |
|
|
|c ΣΑΤΛΑΝΗΣ
|d 2015-07
|
| 999 |
|
|
|c 111904
|d 111904
|